000 00944nas a2200325 4500
001 BR2015004277
003 BR-BrBNA
005 20231205125554.0
007 ta
008 230509b bl.|||p| |||| 00| 00por d
040 _aBR-BrBNA
_bpor
_cBiblioteca Nacional de Agricultura
041 _a(En)
072 _aJ11
100 1 _aDantas, T.B.H.
100 1 _aFerraz, A.C. de O.
100 1 _aHonório, S.L.
100 1 _aLima, G.P.P.
245 1 _aPolyphenoloxidase activity in peaches after vibration
650 _aPESSEGO
650 _aPOS-COLHEITA
650 _aTRANSPORTE RODOVIARIO
650 _aDANO
650 _aVIBRACAO
650 _aPOLIFENOL OXIDASE
650 _aANALISE
773 0 _tEngenharia Agrícola (Brazil)
_xISSN 1809-4430
_g(Mar-Apr 2013), v. 33(2) p. 312-318
_wBR2015004277
856 4 0 _uhttp://www.scielo.br/pdf/eagri/v33n2/10.pdf
909 _a202311
_bLúcia
_c55
_dLúcia Elande
942 _2AGRIS
_n0
_cANA
999 _c244982
_d244982